000 00772nam a2200241Ia 4500
003 OSt
005 20220923222104.0
006 a|||||r|||| 00| 0
007 ta
008 220922b |||||||| |||| 00| 0 ben d
024 _a202,975
037 _cTextual
040 _aARTS
_cARTS
_bben
041 _2ben
_aben
082 _aO157,3NBH,1, 152K5
100 _aभट्टाचार्य, वीारेन्द्र कुमार
_9165900
245 0 _aशतघ्नी
246 _aShataghnī
260 _c1965
650 _aबंगाली साहित्य
_9156264
942 _hO157,3NBH,1, 152K5
_cTEXL
_2CC
999 _c353776
_d353776